[Event "27th 4NCL Congress"]
[Site "The Old Swan Harrogate"]
[Date "2022.01.22"]
[Round "2.14"]
[White "Livesey, R Nigel"]
[Black "Murphy, Ross"]
[Result "1/2-1/2"]
[WhiteElo "1851"]
[BlackElo "1702"]
[PlyCount "53"]
[EventDate "2022.01.21"]

1. c4 c5 2. Nc3 Nc6 3. g3 e5 4. Bg2 d6 5. a3 f5 6. e3 Nf6 7. Nge2 Be7 8. d4 O-O
9. O-O cxd4 10. exd4 Qe8 11. Nd5 Nxd5 12. Bxd5+ Kh8 13. Be3 Qg6 14. Kh1 Bf6 15.
Bg2 Ne7 16. c5 dxc5 17. dxe5 Bxe5 18. Bxc5 Re8 19. Qd2 Nc6 20. Rad1 Be6 21. Nf4
Bxf4 22. Qxf4 Rad8 23. b4 Rxd1 24. Rxd1 Bb3 25. Rb1 Qe6 26. Be3 Bd5 27. h3
1/2-1/2

[Event "27th 4NCL Congress"]
[Site "The Old Swan Harrogate"]
[Date "2022.01.22"]
[Round "2.15"]
[White "Stone, Ian C"]
[Black "Vickery, Jim E"]
[Result "1/2-1/2"]
[WhiteElo "1701"]
[BlackElo "1944"]
[PlyCount "82"]
[EventDate "2022.01.21"]

1. e4 Nf6 2. e5 Nd5 3. c4 Nb6 4. d4 d6 5. f4 dxe5 6. fxe5 Nc6 7. Be3 Bf5 8. a3
e6 9. Nf3 Be7 10. Nc3 Bg4 11. Be2 Bxf3 12. gxf3 Bh4+ 13. Kf1 Ne7 14. Qd3 Nf5
15. b3 O-O 16. Ne4 Nd7 17. f4 f6 18. exf6 Bxf6 19. Nxf6+ Qxf6 20. Bf2 c5 21.
Rd1 Nxd4 22. Bxd4 cxd4 23. Qxd4 Qxf4+ 24. Qxf4 Rxf4+ 25. Kg2 Ne5 26. Rd6 Raf8
27. Rf1 Rxf1 28. Bxf1 Kf7 29. c5 Ke7 30. Be2 Rc8 31. b4 b6 32. Ba6 bxc5 33.
Rxe6+ Kxe6 34. Bxc8+ Kd5 35. bxc5 Kxc5 36. Kg3 Nc4 37. Kf4 Kd6 38. a4 Nb6 39.
Bf5 Nd5+ 40. Kg5 Nf6 41. h4 Ke7 1/2-1/2

[Event "27th 4NCL Congress"]
[Site "The Old Swan Harrogate"]
[Date "2022.01.22"]
[Round "2.16"]
[White "Oh, Julie"]
[Black "Hall, David G"]
[Result "1-0"]
[WhiteElo "1566"]
[BlackElo "1844"]
[PlyCount "51"]
[EventDate "2022.01.21"]

1. e4 g6 2. Nc3 Bg7 3. f4 c6 4. d4 d5 5. e5 f6 6. Nf3 Nh6 7. h3 O-O 8. Bd3 b5
9. Bd2 Qb6 10. g4 fxe5 11. dxe5 Nd7 12. Qe2 Bb7 13. O-O-O Qa5 14. a3 Qc7 15. f5
Nxe5 16. Nxe5 gxf5 17. gxf5 Nxf5 18. Bxf5 Rxf5 19. Ng4 e5 20. Rhg1 Kh8 21. Rdf1
Raf8 22. Rxf5 Rxf5 23. Bh6 Bc8 24. Qg2 Rh5 25. Bxg7+ Qxg7 26. Nf6 1-0

[Event "27th 4NCL Congress"]
[Site "The Old Swan Harrogate"]
[Date "2022.01.22"]
[Round "2.17"]
[White "Fava, Lorenzo"]
[Black "Cuthbert, Larissa"]
[Result "1-0"]
[WhiteElo "1840"]
[BlackElo "1495"]
[PlyCount "99"]
[EventDate "2022.01.21"]

1. e4 e6 2. d4 d5 3. Nc3 Nf6 4. Bg5 Be7 5. e5 Nfd7 6. Bxe7 Qxe7 7. f4 a6 8. Qg4
Rg8 9. Bd3 Nc6 10. O-O-O h6 11. f5 Qg5+ 12. Qxg5 hxg5 13. fxe6 fxe6 14. Bg6+
Ke7 15. Nh3 g4 16. Nf4 b5 17. Ncxd5+ exd5 18. Nxd5+ Kd8 19. Rhe1 Nb6 20. Nxb6
cxb6 21. d5 Ne7 22. Bf7 Rh8 23. d6 Nf5 24. e6 Ra7 25. e7+ Kd7 26. e8=Q+ Rxe8
27. Bxe8+ Kd8 28. Bg6 a5 29. Re8+ Kd7 30. Bxf5+ Kxe8 31. Bxc8 b4 32. d7+ Kd8
33. Re1 Rxd7 34. Bxd7 Kxd7 35. Kd2 g6 36. Kd3 b5 37. Kd4 Kd6 38. Re5 a4 39.
Rxb5 b3 40. cxb3 axb3 41. a4 Kc6 42. Kc4 g3 43. hxg3 g5 44. a5 g4 45. a6 Kc7
46. a7 Kd6 47. a8=Q Kc7 48. Qa6 Kd8 49. Rb7 Kc8 50. Qa8# 1-0

[Event "27th 4NCL Congress"]
[Site "The Old Swan Harrogate"]
[Date "2022.01.22"]
[Round "2.18"]
[White "Williamson, Graham AG"]
[Black "Fisher, Neal"]
[Result "1-0"]
[WhiteElo "1839"]
[BlackElo "1700"]
[PlyCount "107"]
[EventDate "2022.01.21"]

1. d4 Nf6 2. Bf4 d6 3. e3 g6 4. c3 Bg7 5. Nd2 O-O 6. Bc4 c6 7. Ngf3 b5 8. Bb3
a5 9. a4 bxa4 10. Rxa4 Nd5 11. Bg5 Nf6 12. O-O Bd7 13. Qc2 c5 14. Ra3 cxd4 15.
exd4 Bf5 16. Qc1 Ne4 17. Nxe4 Bxe4 18. Qe3 d5 19. Nd2 Bf6 20. Nxe4 dxe4 21.
Bxf6 exf6 22. Qxe4 Nd7 23. Ba4 Nb6 24. Bb5 Qc7 25. Qc6 Qd8 26.
Rfa1 Rc8 27. Qf3 Nc4 28. Bxc4 Rxc4 29. Rxa5 Qb6 30. b4 Rfc8 31. Ra8 Rxa8 32.
Rxa8+ Kg7 33. h3 Qe6 34. Ra1 Qc8 35. Ra3 h5 36. Qe3 g5 37. b5 Qb7 38. Rb3 Ra4
39. Qd3 Ra2 40. c4 Qe7 41. Rb1 Ra3 42. Qd1 Qe4 43. b6 Rd3 44. Qe1 Qb7 45. d5 h4
46. Qe2 Rc3 47. Qg4 Kg6 48. Qd4 Ra3 49. c5 Ra8 50. c6 Qe7 51. b7 Rb8 52. d6 Qe6
53. c7 Re8 54. b8=Q 1-0

[Event "27th 4NCL Congress"]
[Site "The Old Swan Harrogate"]
[Date "2022.01.22"]
[Round "2.19"]
[White "Zigmond, Andrew"]
[Black "Mildenhall, John"]
[Result "0-1"]
[WhiteElo "1731"]
[BlackElo "1976"]
[PlyCount "87"]
[EventDate "2022.01.21"]

1. e4 c5 2. Nf3 e6 3. d4 cxd4 4. Nxd4 Nc6 5. Be3 a6 6. c3 Qc7 7. Nd2 Nge7 8.
N2f3 d5 9. exd5 Nxd5 10. Qd2 Nxe3 11. Qxe3 Bd6 12. Bd3 Nxd4 13. Qxd4 e5 14.
Qa4+ Bd7 15. Qc2 b6 (15... g6 16. O-O-O O-O-O 17. Ng5 Bc6 18. Ne4 Be7 19. f3 f5
20. Nd2 Rhe8 21. Rhe1 Kb8 22. Nb3 Bg5+ 23. Kb1 e4 24. fxe4 fxe4 25. Be2 Rxd1+
26. Rxd1 Qxh2 27. Nd4 Qc7 28. Nxc6+ Qxc6 29. Bg4 Rd8 30. Rxd8+ Bxd8 31. Qd2 Bb6
32. Qd7 Qxd7 33. Bxd7 Kc7 34. Bg4 h5 35. Be2 Kd6 36. Kc2 Bf2 37. Bc4 h4 38. Kd2
a5 39. a4 Bc5 40. Bf7 g5 41. Bg6 Ke5 42. Ke2 Kf4 43. Bf7 g4 44.
Be6 b6 45. Bd7 Kg3 46. Be6 Kf4 47. Bd7 h3 48. gxh3 g3 49. Kf1 Kf3 50. Bg4+ Ke3
51. Kg2 Kd2 52. Kxg3 e3 53. h4 e2 54. Bxe2 Kxe2 55. h5 Be3 56. b4 Kd3 57. Kf3
Bh6 58. bxa5 bxa5 59. Kg4 Kxc3 60. Kf5 Kb4 61. Ke4 Kxa4 62. Kd3 Kb3) 16. O-O-O
O-O-O 17. Ng5 Bc6 18. Ne4 Be7 19. f3 f5 20. Nd2 Rhe8 21. Rhe1 Kb7 22. Nb3 Bg5+
23. Kb1 e4 24. fxe4 fxe4 25. Be2 Rxd1+ 26. Rxd1 Qxh2 27. Nd4 Qc7 28. Nxc6 Qxc6
29. Bg4 Rd8 30. Rxd8 Bxd8 31. Qd2 Bh4 32. Qd7+ Qxd7 33. Bxd7 Kc7 34. Bg4 h5 35.
Be2 Kd6 36. Kc2 Bf2 37. Bc4 h4 38. Kd2 a5 39. a4 Bc5 40. Bf7 g5 41. Bg6 Ke5 42.
Ke2 Kf4 43. Bf7 g4 44. Be6 0-1

[Event "27th 4NCL Congress"]
[Site "The Old Swan Harrogate"]
[Date "2022.01.22"]
[Round "2.20"]
[White "Greatorex, Roger"]
[Black "Echavarria Hidalgo, Fernando"]
[Result "1/2-1/2"]
[WhiteElo "1808"]
[BlackElo "1766"]
[PlyCount "84"]
[EventDate "2022.01.21"]

1. d4 Nf6 2. Nf3 g6 3. Bg5 Bg7 4. Nbd2 O-O 5. e4 d6 6. Bd3 h6 7. Bh4 Nc6 8. c3
g5 9. Bg3 Bg4 10. Qc2 Bxf3 11. gxf3 e5 12. d5 Ne7 13. h4 g4 14. h5 gxf3 15.
Nxf3 Qd7 16. Qe2 c6 17. dxc6 Qxc6 18. O-O-O a6 19. Kb1 b5 20. Bh4 Kh7 21. Nd4
Qd7 22. Qf3 Nfg8 23. Bxe7 Nxe7 24. Nf5 Nxf5 25. exf5 f6 26. Qd5 Rac8 27. Be4
Rfd8 28. Rd2 Rc5 29. Qxc5 dxc5 30. Rxd7 Rxd7 31. Kc2 b4 32. Rd1 Rxd1 33. Kxd1
Kg8 34. cxb4 cxb4 35. Kc2 Bf8 36. Kb3 Bc5 37. Ka4 Bxf2 38. Kxb4 Be1+ 39. Ka4 a5
40. a3 Kf8 41. b4 axb4 42. axb4 Ke8 1/2-1/2

[Event "27th 4NCL Congress"]
[Site "The Old Swan Harrogate"]
[Date "2022.01.22"]
[Round "2.21"]
[White "Webb, Nicholas"]
[Black "Willow, Hambel M"]
[Result "1-0"]
[WhiteElo "1712"]
[BlackElo "1784"]
[PlyCount "111"]
[EventDate "2022.01.21"]

1. c4 Nf6 2. Nc3 e5 3. g3 Nc6 4. Bg2 g6 5. d3 Bg7 6. e4 d6 7. Nge2 Be6 8. O-O
Qd7 9. Nd5 h6 10. Bd2 Bg4 11. f3 Be6 12. b4 Ne7 13. a4 c6 14. Nxe7 Qxe7 15. Bc3
Rd8 16. Qc2 h5 17. Qb2 O-O 18. f4 Ng4 19. Rf3 h4 20. h3 Nh6 21. fxe5 dxe5 22.
Bxe5 Bxe5 23. Qxe5 Qxb4 24. Nf4 Rfe8 25. Nxe6 Rxe6 26. Qg5 Qf8 27. Qxh4 Red6
28. Bf1 Qg7 29. Rb1 R8d7 30. Qf4 g5 31. Qe3 g4 32. Rf4 gxh3 33.
Be2 Rg6 34. Kh2 Ng4+ 35. Bxg4 Rxg4 36. Rxg4 Qxg4 37. Rf1 Rd6 38. Rf5 Rg6 39.
Qf3 Qxf3 40. Rxf3 Rh6 41. g4 Rh4 42. Rxh3 Rxg4 43. Rg3 Rxg3 44. Kxg3 Kg7 45.
Kf4 Kf6 46. c5 Ke6 47. a5 a6 48. d4 f6 49. Kg4 Ke7 50. Kf5 Kf7 51. e5 fxe5 52.
dxe5 Ke7 53. e6 Ke8 54. Kf6 Kf8 55. e7+ Ke8 56. Ke6 1-0

[Event "27th 4NCL Congress"]
[Site "The Old Swan Harrogate"]
[Date "2022.01.22"]
[Round "2.22"]
[White "Tarbuck, Laurence JM"]
[Black "Sloan, Cecil"]
[Result "1/2-1/2"]
[WhiteElo "1780"]
[BlackElo "1707"]
[PlyCount "112"]
[EventDate "2022.01.21"]

1. d4 Nf6 2. c4 Nc6 3. Nc3 e5 4. d5 Ne7 5. e4 Ng6 6. h4 h5 7. Bg5 Be7 8. Be2 d6
9. Bxf6 Bxf6 10. g3 Bg4 11. Bxg4 hxg4 12. Qxg4 Qd7 13. Qxd7+ Kxd7 14. Nf3 Ne7
15. Ke2 Rh7 16. Ng5 Bxg5 17. hxg5 Rah8 18. Rxh7 Rxh7 19. Rf1 Ng6
20. Kf3 Rh2 21. Nd1 Rh5 22. Kg4 Rh2 23. Ne3 Ne7 24. Nf5 Nxf5 25. exf5 f6 26. g6
Ke7 27. Kf3 Rh5 28. g4 Rh3+ 29. Kg2 Rh4 30. Kg3 Rh6 31. Rg1 Rh8 32. Rg2 Rh6 33.
Rh2 Rxh2 34. Kxh2 c5 35. Kg3 Kf8 36. f3 Ke7 37. a4 a5 38. f4 Kf8 39. fxe5 fxe5
40. g5 Ke7 41. Kf3 Ke8 42. f6 Kf8 43. Ke4 Kg8 44. Kf5 Kf8 45. Kg4 Kg8 46. Kf5
Kf8 47. Ke6 e4 48. Kxd6 e3 49. Kc7 e2 50. d6 e1=Q 51. d7 Qe5+ 52. Kc8 Qe6 53.
Kc7 Qc6+ 54. Kd8 Qb6+ 55. Kc8 Qc6+ 56. Kd8 Qb6+ 1/2-1/2

[Event "27th 4NCL Congress"]
[Site "The Old Swan Harrogate"]
[Date "2022.01.22"]
[Round "2.23"]
[White "Oliver, Bruce R"]
[Black "Donahue, Randolph"]
[Result "0-1"]
[WhiteElo "1703"]
[BlackElo "1810"]
[PlyCount "46"]
[EventDate "2022.01.21"]

1. Nf3 Nf6 2. d4 e6 3. e3 b6 4. Bd3 Bb7 5. O-O Be7 6. c4 O-O 7. Nc3 c5 8. Re1
d5 9. cxd5 Nxd5 10. Nxd5 Qxd5 11. dxc5 Bxc5 12. Qc2 h6 13. b3 Nd7 14. Rd1 Qc6
15. Bb2 f6 16. Rac1 Ne5 17. Bxe5 fxe5 18. e4 Qe8 19. Qc3 Qh5 20. Bb1 Ba3 21.
Rc2 Bxe4 22. Re2 Rxf3 23. gxf3 Bxf3 0-1

[Event "27th 4NCL Congress"]
[Site "The Old Swan Harrogate"]
[Date "2022.01.22"]
[Round "3.1"]
[White "Ashcroft, Graham J"]
[Black "Garnett, John S"]
[Result "1-0"]
[WhiteElo "1968"]
[BlackElo "1939"]
[PlyCount "87"]
[EventDate "2022.01.21"]

1. c4 e5 2. g3 Nc6 3. Bg2 g6 4. Nc3 Bg7 5. e4 d6 6. Nge2 f5 7. d3 Nf6 8. O-O
O-O 9. Nd5 Nxd5 10. cxd5 Ne7 11. Be3 c6 12. dxc6 bxc6 13. d4 fxe4 14. Bxe4 Bh3
15. Bg2 Bxg2 16. Kxg2 Nd5 17. Qc2 Nxe3+ 18. fxe3 Qb6 19. Rac1 exd4
20. exd4 Bxd4 21. Qc4+ d5 22. Qxd4 Qa6 23. Nf4 Rae8 24. Rfe1 Qc8 25. Rxe8 Qxe8
26. h4 Rf5 27. Rc2 g5 28. hxg5 Rxg5 29. Re2 Qf7 30. Qe3 h5 31. Qe8+ Qxe8 32.
Rxe8+ Kf7 33. Rc8 h4 34. Rxc6 Rxg3+ 35. Kf2 Rg4 36. Rc7+ Kf6 37. Nxd5+ Ke5 38.
Ne3 Ra4 39. a3 Kd4 40. Rd7+ Kc5 41. Rh7 Rf4+ 42. Ke2 a5 43. Rh5+ Kb6 44. Nd5+
1-0

[Event "27th 4NCL Congress"]
[Site "The Old Swan Harrogate"]
[Date "2022.01.22"]
[Round "3.2"]
[White "Jacob, Sydney J"]
[Black "De Coverly, Roger D"]
[Result "1-0"]
[WhiteElo "1910"]
[BlackElo "1970"]
[PlyCount "83"]
[EventDate "2022.01.21"]

1. e4 e5 2. Nf3 Nc6 3. Bb5 a6 4. Ba4 Nf6 5. O-O Be7 6. Bxc6 dxc6 7. Nc3 Nd7 8.
d4 exd4 9. Qxd4 O-O 10. Bf4 Bc5 11. Qd2 Bb6 12. Rad1 Qe7 13. Rfe1 Nc5 14. h3
Be6 15. Nd4 Rad8 16. Qe3 Bc8 17. Qg3 Ne6 18. Nf5 Qf6 19. Be5 Qg5 20. Qxg5 Nxg5
21. Bxg7 Rxd1 22. Rxd1 Re8 23. Bf6 Bxf5 24. exf5 h6 25. Rd8 Rxd8 26. Bxd8 Nh7
27. Ne4 Nf8 28. Nf6+ Kh8 29. Ne8 Nd7 30. Bxc7 Bd4 31. c3 Ba7 
32. Nd6 Kg7 33. Nxb7 Kf6 34. g4 h5 35. Kg2 hxg4 36. hxg4 Kg5 37. Kf3 f6 38. Na5
Bxf2 39. Kxf2 Kxg4 40. Nxc6 Kxf5 41. Ke3 Nf8 42. Nb8 1-0

[Event "27th 4NCL Congress"]
[Site "The Old Swan Harrogate"]
[Date "2022.01.22"]
[Round "3.3"]
[White "Cukovs, Oleg"]
[Black "Nwachukwu, Chino"]
[Result "1/2-1/2"]
[WhiteElo "1874"]
[BlackElo "1960"]
[PlyCount "85"]
[EventDate "2022.01.21"]

1. e4 c5 2. c3 Nc6 3. d4 cxd4 4. cxd4 d5 5. exd5 Qxd5 6. Nf3 Bg4 7. Be2 O-O-O
8. Nc3 Qa5 9. Be3 Nf6 10. Qb3 e6 11. O-O Bd6 12. Qb5 Qxb5 13. Nxb5 Bb8 14. Rfd1
Nd5 15. Rac1 Rd7 16. h3 Bh5 17. g4 Bg6 18. Ne5 Bxe5 19. Nxa7+ Kc7
20. Nxc6 bxc6 21. dxe5 Rb8 22. b3 Nxe3 23. Rxd7+ Kxd7 24. fxe3 Ra8 25. a4 Ra5
26. Bf3 Rxe5 27. Bxc6+ Kd6 28. Kf2 Rc5 29. Rxc5 Kxc5 30. Bb5 Bc2 31. Bc4 Be4
32. h4 Kb4 33. Kg3 Bc6 34. Kf4 Bxa4 35. Bxe6 Bxb3 36. Bxb3 Kxb3 37. Ke5 Kc4 38.
Kd6 Kd3 39. Ke7 f6 40. Kf7 g5 41. hxg5 fxg5 42. Kf6 Kxe3 43. Kxg5 1/2-1/2

[Event "27th 4NCL Congress"]
[Site "The Old Swan Harrogate"]
[Date "2022.01.22"]
[Round "3.4"]
[White "Gibbs, Dominic V"]
[Black "Fava, Lorenzo"]
[Result "1-0"]
[WhiteElo "1954"]
[BlackElo "1840"]
[PlyCount "161"]
[EventDate "2022.01.21"]

1. e4 c5 2. c3 Nf6 3. e5 Nd5 4. Nf3 e6 5. Bc4 d6 6. d4 cxd4 7. cxd4 Be7 8. O-O
O-O 9. Nc3 Nxc3 10. bxc3 Qc7 11. Qd3 Nd7 12. exd6 Bxd6 13. Bb3 e5 14. Ng5 Nf6
15. dxe5 Bxe5 16. Ba3 Rd8 17. Bxf7+ Kh8 18. Qc4 h6 19. Qxc7 Bxc7 20. Ne6 Bxe6
21. Bxe6 Bd6 22. Bxd6 Rxd6 23. Bb3 Ne4 24. Rfd1 Rxd1+ 25. Rxd1 Nxc3 26. Rd7 b5
27. h4 a5 28. h5 a4 29. Bf7 b4 30. Rc7 Nb5 31. Rc6 Rb8 32. Re6 Nc3 33. Rc6 a3
34. Kh2 Ne2 35. Rd6 Nc3 36. Rd3 Ne4 37. f3 Nc5 38. Rd5 Rc8 39.
Re5 Nb7 40. Re3 Nd6 41. Bd5 Rc5 42. Rd3 Nb5 43. Bf7 Rc8 44. g4 Nc3
45. Kg3 Ne2+ 46. Kf2 Nf4 47. Rd2 Kh7 48. Kg3 g5 49. hxg6+ Nxg6 50. Rd4 Ne5 51.
Be6 Rc3 52. Bd5 Kg7 53. Rxb4 Nd3 54. Rb3 Rxb3 55. Bxb3 Kf6 56. f4 Nc5 57. Bc4
Ne4+ 58. Kh4 Kg7 59. Bd5 Nf6 60. Bc6 Kf7 61. Kg3 Ke6 62. Kf3 Kd6 63. Ba4 Nd5
64. Bb3 Nc3 65. Ke3 Ke7 66. Kd4 Ne2+ 67. Ke5 Ng1 68. Bd1 Nh3 69. f5 Ng5 70. f6+
Kf8 71. Bb3 Nf3+ 72. Kf4 Nd4 73. Bd5 Nc2 74. Be6 Nd4 75. Bc4 Nc2 76. Bd5 Nb4
77. Ke5 Nc2 78. Ke4 Ke8 79. Bb3 Na1 80. Bd1 Kf7 81. Kf5 1-0

[Event "27th 4NCL Congress"]
[Site "The Old Swan Harrogate"]
[Date "2022.01.22"]
[Round "3.5"]
[White "Donahue, Randolph"]
[Black "Obi, Okwose Marc"]
[Result "0-1"]
[WhiteElo "1810"]
[BlackElo "1954"]
[PlyCount "102"]
[EventDate "2022.01.21"]

1. e4 d6 2. d4 Nf6 3. Nc3 Nbd7 4. Nf3 e5 5. dxe5 dxe5 6. Bg5 c6 7. Bc4 b5 8.
Bb3 Be7 9. O-O Qc7 10. a3 O-O 11. Qe2 a5 12. Rfd1 Ba6 13. Qe1 h6 14. Rxd7 Qxd7
15. Nxe5 Qc7 16. Bf4 Bd6 17. Nd3 Bxf4 18. e5 b4 19. Nxf4 bxc3 20. Qxc3 Ne4 21.
Qe3 Ng5 22. Ng6 Rfe8 23. f4 Kh7 24. fxg5 fxg6 25. Re1 Qa7 26. e6 Qxe3+ 27. Rxe3
Re7 28. Re5 Bc8 29. Kf2 a4 30. Bc4 Ba6 31. Ba2 Bb5 32. c4 Ba6 33. b4 axb3 34.
Bxb3 Rf8+ 35. Ke3 Rf5 36. Kd4 Kg8 37. Rxf5 gxf5 38. gxh6 gxh6 39. c5 f4 40. Ke5
Kf8 41. Kxf4 Rb7 42. Ba4 Bb5 43. Bc2 Ra7 44. Ke5 Ke7 45. g4 Rxa3 46. h4 Re3+
47. Kf5 Bd3+ 48. Bxd3 Rxd3 49. Kg6 Rg3 50. g5 hxg5 51. hxg5 Kxe6 0-1

[Event "27th 4NCL Congress"]
[Site "The Old Swan Harrogate"]
[Date "2022.01.22"]
[Round "3.6"]
[White "Bielby, Paul R"]
[Black "Oh, Julie"]
[Result "1/2-1/2"]
[WhiteElo "1948"]
[BlackElo "1566"]
[PlyCount "92"]
[EventDate "2022.01.21"]

1. e4 c5 2. Nf3 e6 3. c3 Nf6 4. d3 Qc7 5. Be2 Nc6 6. O-O a6 7. Re1 b5 8. Nbd2
Bb7 9. Nf1 Be7 10. h3 h6 11. N3h2 Ne5 12. Be3 Ng6 13. g3 d5 14. exd5 Nxd5 15.
Bf3 Nxe3 16. Rxe3 O-O-O 17. a4 Bg5 18. Bxb7+ Qxb7 19. f4 Bf6 20. axb5 axb5 21.
Qf3 Qxf3 22. Nxf3 Kb7 23. Kf2 Ra8 24. Ree1 b4 25. d4 bxc3 26. bxc3 Rxa1 27.
Rxa1 cxd4 28. cxd4 Ra8 29. Rxa8 Kxa8 30. Ne3 Kb7 31. f5 Nf8 32. Ng4 Nd7 33.
fxe6 fxe6 34. Ke3 Kc6 35. Ke4 Kd6 36. Nd2 Nb6 37. Nxf6 gxf6 38. g4 Ke7 39. h4
Kf7 40. h5 Ke7 41. Nf1 Nd5 42. Ng3 Kd6 43. Kf3 Ke7 44. Ne4 Kf7 45. Nc5 Ke7 46.
Ke4 Nc3+ 1/2-1/2

[Event "27th 4NCL Congress"]
[Site "The Old Swan Harrogate"]
[Date "2022.01.22"]
[Round "3.7"]
[White "Jones, Neil T"]
[Black "Vijayakumar, Rishi"]
[Result "1/2-1/2"]
[WhiteElo "1929"]
[BlackElo "1692"]
[PlyCount "59"]
[EventDate "2022.01.21"]

1. d4 Nf6 2. c4 e6 3. Nf3 d5 4. Nc3 Bb4 5. cxd5 exd5 6. Bg5 c6 7. e3 Bg4 8. Be2
Nbd7 9. O-O Bd6 10. e4 dxe4 11. Nxe4 Be7 12. Ng3 O-O 13. h3 Be6
14. Bd3 h6 15. Be3 Nd5 16. Bd2 Bf6 17. Ne4 Be7 18. a3 N7f6 19. Qe2 Re8 20. Ng3 Bd6 21. Qd1 Qc7 22. Nf5 Bf4 23.
Ne3 Rad8 24. Re1 Qc8 25. Bf1 Qc7 26. Qc2 Bd7 27. Nxd5 cxd5 28. Qxc7 Bxc7 29.
Rac1 Bb6 30. Bd3 1/2-1/2

[Event "27th 4NCL Congress"]
[Site "The Old Swan Harrogate"]
[Date "2022.01.22"]
[Round "3.8"]
[White "Macphail, Kieran"]
[Black "McKerracher, Douglas"]
[Result "1/2-1/2"]
[WhiteElo "1761"]
[BlackElo "1875"]
[PlyCount "61"]
[EventDate "2022.01.21"]

1. e4 d5 2. exd5 Qxd5 3. Nc3 Qa5 4. d4 Nf6 5. Nf3 Bf5 6. Ne5 c6 7. Bc4 e6 8. g4
Bg6 9. h4 Be4 10. O-O Bd5 11. Nxd5 cxd5 12. Bd3 Nbd7 13. f4 Qc7 14. Qf3 g6 15.
Bd2 a6 16. a4 Be7 17. a5 Rf8 18. Be1 Nb8 19. b4 Nc6 20. c3 Na7 21. Bc2 Nb5 22.
Rc1 Rc8 23. f5 Nd7 24. Nxd7 Qxd7 25. f6 Bd6 26. Ba4 Qc7 27. Bd2
Kd8 28. Bxb5 axb5 29. Bf4 Bxf4 30. Qxf4 Qxf4 31. Rxf4 1/2-1/2

[Event "27th 4NCL Congress"]
[Site "The Old Swan Harrogate"]
[Date "2022.01.22"]
[Round "3.9"]
[White "Vickery, Jim E"]
[Black "McDonnell, James J"]
[Result "1/2-1/2"]
[WhiteElo "1944"]
[BlackElo "1920"]
[PlyCount "35"]
[EventDate "2022.01.21"]

1. d4 d5 2. Nf3 Nf6 3. c4 c6 4. cxd5 cxd5 5. Nc3 Nc6 6. Bf4 a6 7. Ne5 Qb6 8.
Nxc6 Qxc6 9. e3 Bf5 10. Bd3 Bxd3 11. Qxd3 e6 12. O-O Be7 13. Rfc1 Qd7 14. h3
O-O 15. Rc2 Rfc8 16. Rac1 b5 17. Nb1 Ne8 18. Nd2 1/2-1/2

[Event "27th 4NCL Congress"]
[Site "The Old Swan Harrogate"]
[Date "2022.01.22"]
[Round "3.10"]
[White "O'Gorman, Brendan"]
[Black "Williamson, Graham AG"]
[Result "1/2-1/2"]
[WhiteElo "1880"]
[BlackElo "1839"]
[PlyCount "27"]
[EventDate "2022.01.21"]

1. Nf3 d5 2. c4 c6 3. g3 Nf6 4. Bg2 e6 5. Qc2 Be7 6. O-O O-O 7. d4 Ne4 8. Nfd2
f5 9. f3 Nf6 10. cxd5 exd5 11. Nc3 Kh8 12. Nb3 Na6 13. a3 Be6 14. Bf4 1/2-1/2

[Event "27th 4NCL Congress"]
[Site "The Old Swan Harrogate"]
[Date "2022.01.22"]
[Round "3.11"]
[White "Dean, Robert A"]
[Black "Farahmandpour, Ehsan"]
[Result "1-0"]
[WhiteElo "1865"]
[BlackElo "1702"]
[PlyCount "97"]
[EventDate "2022.01.21"]

1. e4 d5 2. exd5 Qxd5 3. Nc3 Qd8 4. d4 Nf6 5. Be2 c6 6. Nf3 Bg4 7. O-O e6 8. h3
Bxf3 9. Bxf3 Nbd7 10. Re1 Be7 11. Bf4 O-O 12. a3 Nd5 13. Nxd5 cxd5 14. Qe2 Bf6
15. c3 a6 16. Rad1 b5 17. Qd2 Nb6 18. Be2 Rc8 19. g4 h6 20. Bd3 Bg5 21. Bxg5
Qxg5 22. Qxg5 hxg5 23. Re5 Nd7 24. Rxg5 g6 25. h4 Kg7 26. h5 Kf6
27. f4 gxh5 28. Rxh5 Rh8 29. Rxh8 Rxh8 30. Rd2 Nb6 31. Kg2 Nc8 32. Rd1 Nd6 33.
Rh1 Rxh1 34. Kxh1 Kg7 35. Kg2 a5 36. b3 f5 37. g5 Kg6 38. Kf3 Ne4 39. Bxe4
fxe4+ 40. Kg4 a4 41. bxa4 bxa4 42. Kg3 Kf5 43. Kf2 Kg6 44. Ke2
Kf5 45. Ke3 Kg6 46. c4 dxc4 47. Kxe4 Kf7 48. Ke3 Ke7 49. Kd2 1-0

[Event "27th 4NCL Congress"]
[Site "The Old Swan Harrogate"]
[Date "2022.01.22"]
[Round "3.12"]
[White "Kane, Robert"]
[Black "Carmichael, Ned"]
[Result "1-0"]
[WhiteElo "1833"]
[BlackElo "1863"]
[PlyCount "45"]
[EventDate "2022.01.21"]

1. d4 Nf6 2. c4 e6 3. Nf3 b6 4. a3 Bb7 5. Nc3 d5 6. cxd5 exd5 7. Bg5 Be7 8. e3
O-O 9. Bd3 Nbd7 10. O-O Ne4 11. Bf4 c5 12. Nd2 cxd4 13. Ncxe4 dxe4 14. Nxe4 Nc5
15. Nxc5 Bxc5 16. b4 Bd6 17. Bxd6 Qxd6 18. exd4 Rfd8 19. Re1 g6 20. Be4 Bxe4
21. Rxe4 f5 22. Qb3+ Qd5 23. Re8+ 1-0

[Event "27th 4NCL Congress"]
[Site "The Old Swan Harrogate"]
[Date "2022.01.22"]
[Round "3.13"]
[White "Cawston, M John"]
[Black "Webb, Nicholas"]
[Result "1/2-1/2"]
[WhiteElo "1857"]
[BlackElo "1712"]
[PlyCount "81"]
[EventDate "2022.01.21"]

1. c4 e5 2. Nc3 Be7 3. Nf3 d6 4. d4 exd4 5. Nxd4 Nf6 6. e4 O-O 7. Be2 Na6 8.
O-O Nc5 9. Bf3 a5 10. Re1 Ra6 11. Bf4 Bd7 12. b3 Qc8 13. h3 Re8 14. Qc2 Kh8 15.
Rad1 Rg8 16. Nd5 Nxd5 17. exd5 Bf6 18. Bg3 Re8 19. Qd2 Ra8 20. Rxe8+ Qxe8 21.
Re1 Qf8 22. Bd1 b6 23. Bc2 Re8 24. Nf5 g6 25. Rxe8 Qxe8 26. Bh4 Bxh4 27. Nxh4
Qe5 28. Nf3 Qa1+ 29. Bd1 Ne4 30. Qd4+ Qxd4 31. Nxd4 Nc3 32. Bc2 Nxa2 33. Kf1
Kg7 34. Ke2 Nb4 35. Be4 f5 36. Bb1 Kf6 37. Kd2 Na6 38. Ke3 a4 39. bxa4 Bxa4 40.
h4 Bd7 41. Bd3 1/2-1/2

[Event "27th 4NCL Congress"]
[Site "The Old Swan Harrogate"]
[Date "2022.01.22"]
[Round "3.14"]
[White "Prince, Alan R"]
[Black "Livesey, R Nigel"]
[Result "0-1"]
[WhiteElo "1725"]
[BlackElo "1851"]
[PlyCount "92"]
[EventDate "2022.01.21"]

1. Nf3 Nf6 2. g3 d5 3. Bg2 c6 4. d3 Bf5 5. Nh4 Bg4 6. h3 Bd7 7. O-O e5 8. e4
dxe4 9. dxe4 Bc5 10. Nf5 O-O 11. Bg5 h6 12. Bh4 Bxf5 13. Qxd8 Rxd8 14. exf5 Na6
15. Nc3 Rd4 16. a3 Rad8 17. Rad1 Be7 18. Rxd4 Rxd4 19. Rd1 Kf8 20. Rxd4 exd4
21. Ne4 Nxe4 22. Bxe7+ Kxe7 23. Bxe4 Nc5 24. Bf3 Kf6 25. Bg4 Ne4 26. Kf1 Nd6
27. Ke2 Nxf5 28. Kd3 c5 29. Kc4 b6 30. Kb5 Nd6+ 31. Ka6 Nc4 32. Kxa7 Nxb2 33.
Be2 Na4 34. Bb5 Nb2 35. Kxb6 c4 36. a4 d3 37. cxd3 c3 38. a5 c2 39. a6 c1=Q 40.
a7 Qc8 41. Bc6 Qd8+ 42. Kb7 Nxd3 43. a8=Q Nc5+ 44. Ka7 Qc7+ 45. Bb7 Qa5+ 46.
Kb8 Nd7+ 0-1

[Event "27th 4NCL Congress"]
[Site "The Old Swan Harrogate"]
[Date "2022.01.22"]
[Round "3.15"]
[White "Hall, David G"]
[Black "Stone, Ian C"]
[Result "0-1"]
[WhiteElo "1844"]
[BlackElo "1701"]
[PlyCount "70"]
[EventDate "2022.01.21"]

1. d4 Nf6 2. Nf3 e6 3. c4 Bb4+ 4. Bd2 Bxd2+ 5. Nbxd2 d5 6. Qc2 h6 7. g3 Nbd7 8.
Bg2 O-O 9. O-O Re8 10. e4 dxe4 11. Nxe4 Nxe4 12. Qxe4 Nf6 13. Qe2 Rb8 14. Rfd1
Qe7 15. Ne5 Nd7 16. Rd2 Nxe5 17. dxe5 b6 18. Rad1 Rf8 19. b3 Ba6 20. Qe3 Rbd8 21. Bc6 Rxd2 22. Qxd2 Qc5 23. Qd7 Qxe5 24. Qe7 b5 25. Qa3 Qe2
26. Rd7 Bc8 27. Rxc7 e5 28. cxb5 Bh3 29. Qc1 Rd8 30. Bd7 Rxd7 31. Rxd7 Bxd7 32.
Kg2 Qxb5 33. Qe3 Qd5+ 34. f3 Bc6 35. Qxa7 Qxf3+ 0-1